[Event "Gibraltar Masters 7th"]
[Site "Gibraltar"]
[Date "2009.01.28"]
[Round "2"]
[White "Haug, Marianne Wold"]
[Black "Daoudi, Kamal"]
[Result "1/2-1/2"]
[WhiteElo "1935"]
[BlackElo "2209"]
[PlyCount "116"]
[EventDate "2009.01.27"]
[EventType "swiss"]
[EventRounds "10"]
[EventCountry "ENG"]
[SourceTitle "CBM 128 Extra"]
[Source "ChessBase"]
[SourceDate "2009.03.05"]
[SourceVersion "2"]
[SourceVersionDate "2009.03.25"]
[SourceQuality "1"]

1. e4 e5 2. Nf3 Nc6 3. Bb5 a6 4. Ba4 Nf6 5. 0-0 b5 6. Bb3 Bc5 7. Nxe5 Nxe5 8. d4 Bxd4 9. Qxd4 d6 10. f4 c5 11. Qd1 c4 12. fxe5 Qb6+ 13. Kh1 dxe5 14. Nc3 0-0 15. Bxc4 bxc4 16. Nd5 Nxd5 17. Qxd5 Bb7 18. Qxc4 Rac8 19. Qe2 Qc6 20. c3 Qxe4 21. Qxe4 Bxe4 22. Re1 f5 23. Bg5 Rc6 24. Re2 Rb8 25. Rd1 Rg6 26. Bc1 Bc6 27. Rdd2 f4 28. Rxe5 f3 29. Kg1 fxg2 30. Rd1 Rf8 31. Bg5 Bb5 32. Rd8 Rxd8 33. Bxd8 Rd6 34. Bg5 Bc6 35. Re1 h6 36. Bf4 Rf6 37. Be5 Rf5 38. c4 a5 39. b3 h5 40. h4 Rf7 41. a3 Rf3 42. Kxg2 Rxb3+ 43. Kf2 Rxa3 44. Rg1 Rf3+ 45. Ke2 Rf7 46. Rg5 a4 47. Kd3 a3 48. Rxh5 a2 49. Rg5 Re7 50. Bb2 Rb7 51. Bd4 Ba4 52. Ra5 Rb3+ 53. Kd2 Ra3 54. Ba1 g6 55. Kc1 Rb3 56. Rxa4 Rb1+ 57. Kc2 Rxa1 58. Kb2 Rh1 1/2-1/2

[Event "Gibraltar Challengers1"]
[Site "Gibraltar"]
[Date "2009.01.27"]
[Round "1"]
[White "Daoudi, Kamal"]
[Black "Obiamiwe, Paul"]
[Result "1-0"]
[WhiteElo "2209"]
[BlackElo "2035"]
[PlyCount "57"]
[EventDate "2009.01.27"]
[EventType "tourn"]
[EventRounds "5"]
[EventCountry "ENG"]
[SourceTitle "EXT 2010"]
[Source "ChessBase"]
[SourceDate "2010.11.25"]
[SourceVersion "1"]
[SourceVersionDate "2010.11.25"]
[SourceQuality "1"]

1. e4 c5 2. Nf3 d6 3. d4 cxd4 4. Qxd4 Nc6 5. Bb5 Bd7 6. Bxc6 Bxc6 7. Nc3 Nf6 8. Bg5 e6 9. 0-0-0 Be7 10. Rhe1 Qc7 11. Kb1 a6 12. Nd5 Bxd5 13. exd5 e5 14. Nxe5 dxe5 15. Rxe5 0-0-0 16. Be3 Bd6 17. Rg5 Rhe8 18. Rd3 Re4 19. Qa7 Rde8 20. Rxg7 Ng4 21. Rc3 Rc4 22. Rxg4 Rxc3 23. bxc3 Qxc3 24. Qd4 Qe1+ 25. Bc1 Ba3 26. Qc4+ Kd7 27. Qa4+ Kd8 28. Qf4 Re4 29. Qg5+ 1-0